| 000 | 00614nam a22002177a 4500 | ||
|---|---|---|---|
| 005 | 20180621135835.0 | ||
| 008 | 180621b xxu||||| |||| 00| 0 eng d | ||
| 010 | _aB-219134 | ||
| 020 |
_a8183820212 _c95.00 |
||
| 035 | _aB-219134 | ||
| 037 | _bBPPD/PUB | ||
| 040 | _aDPL | ||
| 082 | _a658.8 | ||
| 100 | _aAllen, Michael E. | ||
| 245 |
_aHow to sell my products _cby Michael E. Allen |
||
| 260 |
_aNew Delhi _bLotus Press _c2006 |
||
| 270 |
_a4263/3, Anasri Road, Darya Ganj _bNew Delhi _e110002 |
||
| 300 |
_a126p. _c23 cm.(Pbk) |
||
| 650 | _aSuccess | ||
| 942 |
_2ddc _cEN _mALL _h658.8 |
||
| 999 |
_c152916 _d152916 |
||